| 000 | 00442nam a2200169Ia 4500 | ||
|---|---|---|---|
| 008 | 190423s9999 xx 000 0 und d | ||
| 100 | _aAubin, Tracey | ||
| 245 | _aLost in the coral sea/ | ||
| 245 | _cTracey Aubin | ||
| 260 | _bReader's Digest Asia | ||
| 260 | _c2019 | ||
| 300 | _aPages 42-48, January 2019 | ||
| 440 |
_aAsia Reader's Digest: Classic Reads _v115:671 |
||
| 650 | _aSailboat | ||
| 650 | _aSailing | ||
| 650 | _aTragedy | ||
| 999 |
_c361488 _d361488 |
||